000 00721nam a2200265Ia 4500
003 OSt
005 20220927115037.0
006 a|||||r|||| 00| 0
007 ta
008 220926b |||||||| |||| 00| 0 eng d
020 _a304 29077 7
024 _a70057
037 _cThesis and Dissertations
040 _aRTL
_cRTL
_beng
041 _2eng
_aeng
082 _a"X:51-75, L2"
100 _aWinkler John
_9390167
245 0 _aMarketing planning
260 _aLondon
_bAssociated Business Programmes
_c1972
300 _a"xii, 291p"
_ccm.
500 _aBibliography p 277-81
650 _aMarketing
942 _h"X:51-75, L2"
_cCC
999 _c705509
_d705509